LEADER 01073naa a2200229 u 4500 001 000000095377 003 CaOOAMICUS 005 20070226130142.0 008 040628s1976 be u000 u ger u 020 $a9061860431 035 $a11002278 040 $aIAR$bita 100 1 $aAngelov, Dimit?r.$0(OLS)http://pul/name/61148 245 10$aUrsprung und Wesen des Bogomilentums /$cDimiter Angelov. 260 $aLeuven :$bLeuven University Press ;$aThe Hague :$bNijhoff,$c1976. 300 $aS. 144-156, ;$c26 cm 773 0 $aThe concept of heresy in the middle ages (11th - 13th c.). 773 0 $tThe Concept of heresy in the Middle Ages (11th-13th c.) : proceedings of the international conference [held by the Institute of Medieval Studies] Louvain, May 13-16, 1973$w()56465 996 $6020$a9061860431$9(OLS)http://pul/number/71203 996 $6245$aUrsprung und Wesen des Bogomilentums$9(OLS)http://pul/title/122251 996 $6260$aLeuven :$bLeuven University Press$9(OLS)http://pul/publisher/48301 996 $6260$aThe Hague :$bNijhoff$9(OLS)http://pul/publisher/51810 LEADER 01335nam a2200265 a 4500 001 000000148449 003 CaOOAMICUS 005 20160111181432.0 008 160111s2015 it frm z000 0 fre r 032 $aLibriCat 040 $aPUL$bita 100 1 $aPenda Tjahe, Paul Jean-Jacques, $csac.$0(OLS)http://pul/name/94784 245 10$aPaul Ricoeur : la réciprocité éthique : $bpar la connaissance et la reconnaissance / $cPaul Jean-Jacquas Penda Tjahe. 260 $aRomae :$b[s.n.],$c2015. 300 $a75 p.;$c24 cm 502 $aEstratto da Tesi di dottorato in S.Teologia--Pontificia Universitas Lateranensis. Institutum Joannes Paulus II. Stud. Matrimonii et Familiae, 2015. 504 $aBibliografia: p.[65]-70. 600 14$aRicoeur, Paul,$d1913-2005$xEtica.$0(OLS)http://pul/subject/35616 710 2 $aPontificia Università Lateranense.$bIstituto Giovanni Paolo II per studi sul matrimonio e famiglia.$kTesi.$0(OLS)http://pul/name/83258 850 $aPUL 852 $aPUL$W1$xDP1 Tesi Ist.Giovanni Paolo II$y67$m2015 B 7$j168038$qTesi$B172325$CPULBib$Z2$F172325 $82 941 1 $a16 996 $6245$aPaul Ricoeur : la réciprocité éthique : $bpar la connaissance et la reconnaissance / $9(OLS)http://pul/title/187263 996 $6260$aRomae :$b[s.n.]$9(OLS)http://pul/publisher/48223